| 000 | 00624cam a2200205 4500500 | ||
|---|---|---|---|
| 005 | 20260329002029.0 | ||
| 041 | _afre | ||
| 042 | _adc | ||
| 100 | 1 | 0 |
_aEltchaninoff, Michel _eauthor |
| 245 | 0 | 0 | _aAndré Comte-Sponville. « Une expérience éthique » |
| 260 | _c2010. | ||
| 500 | _a54 | ||
| 690 | _aAndré Comte-Sponville | ||
| 690 | _aCharme | ||
| 690 | _aImagination | ||
| 690 | _aJoie | ||
| 690 | _aSpinoza | ||
| 786 | 0 | _nPhilosophie magazine | 40 | 6 | 2010-06-01 | p. 18-18 | 1951-1787 | |
| 856 | 4 | 1 | _uhttps://shs.cairn.info/magazine-philosophie-magazine-2010-6-page-18?lang=fr&redirect-ssocas=7080 |
| 999 |
_c1811002 _d1811002 |
||